<?xml version="1.0" encoding="UTF-8"?>
<record
    xmlns:xsi="http://www.w3.org/2001/XMLSchema-instance"
    xsi:schemaLocation="http://www.loc.gov/MARC21/slim http://www.loc.gov/standards/marcxml/schema/MARC21slim.xsd"
    xmlns="http://www.loc.gov/MARC21/slim">

  <leader>01884nam a2200529 i 4500</leader>
  <controlfield tag="001">7614</controlfield>
  <controlfield tag="003">KOSZ 005</controlfield>
  <controlfield tag="005">20190828121005.0</controlfield>
  <controlfield tag="008">070511s1973    pl a   f     |000 0 pol</controlfield>
  <datafield tag="015" ind1=" " ind2=" ">
    <subfield code="a">PB 1973/6191</subfield>
  </datafield>
  <datafield tag="035" ind1=" " ind2=" ">
    <subfield code="a">991034058699705066</subfield>
  </datafield>
  <datafield tag="035" ind1=" " ind2=" ">
    <subfield code="a">(PL-WaBN)b19112841-48omnis_nlop</subfield>
  </datafield>
  <datafield tag="035" ind1=" " ind2=" ">
    <subfield code="a">b19112841</subfield>
  </datafield>
  <datafield tag="035" ind1=" " ind2=" ">
    <subfield code="a">(OCoLC)839058259</subfield>
  </datafield>
  <datafield tag="035" ind1=" " ind2=" ">
    <subfield code="a">(PL)b0000001911284</subfield>
  </datafield>
  <datafield tag="035" ind1=" " ind2=" ">
    <subfield code="a">(EXLNZ-48OMNIS_NETWORK)9910102254205606</subfield>
  </datafield>
  <datafield tag="040" ind1=" " ind2=" ">
    <subfield code="a">WA N</subfield>
    <subfield code="c">WA N</subfield>
    <subfield code="d">KOSZ 005/HR</subfield>
  </datafield>
  <datafield tag="046" ind1=" " ind2=" ">
    <subfield code="k">1973</subfield>
  </datafield>
  <datafield tag="080" ind1=" " ind2=" ">
    <subfield code="a">666.97/.98</subfield>
  </datafield>
  <datafield tag="080" ind1=" " ind2=" ">
    <subfield code="a">693.5</subfield>
  </datafield>
  <datafield tag="080" ind1=" " ind2=" ">
    <subfield code="a">658.286</subfield>
  </datafield>
  <datafield tag="245" ind1="0" ind2="0">
    <subfield code="a">Przygotowanie, transport i uk&#x142;adanie betonu /</subfield>
    <subfield code="c">Zbigniew B&#x142;ochowiak [et al.] ; kier. zesp. aut. Bronis&#x142;aw Kopyci&#x144;ski ; Polska Akademia Nauk. Komitet In&#x17C;ynierii.</subfield>
  </datafield>
  <datafield tag="260" ind1=" " ind2=" ">
    <subfield code="a">Warszawa :</subfield>
    <subfield code="b">"Arkady",</subfield>
    <subfield code="c">1973.</subfield>
  </datafield>
  <datafield tag="300" ind1=" " ind2=" ">
    <subfield code="a">478, [2] s.  :</subfield>
    <subfield code="b">il. ;</subfield>
    <subfield code="c">23 cm.</subfield>
  </datafield>
  <datafield tag="336" ind1=" " ind2=" ">
    <subfield code="2">rdacontent</subfield>
    <subfield code="a">Tekst</subfield>
    <subfield code="b">txt</subfield>
  </datafield>
  <datafield tag="337" ind1=" " ind2=" ">
    <subfield code="2">rdamedia</subfield>
    <subfield code="a">Bez urz&#x105;dzenia po&#x15B;rednicz&#x105;cego</subfield>
    <subfield code="b">n</subfield>
  </datafield>
  <datafield tag="338" ind1=" " ind2=" ">
    <subfield code="2">rdacarrier</subfield>
    <subfield code="a">Wolumin</subfield>
    <subfield code="b">nc</subfield>
  </datafield>
  <datafield tag="380" ind1=" " ind2=" ">
    <subfield code="a">Ksi&#x105;&#x17C;ki</subfield>
  </datafield>
  <datafield tag="380" ind1=" " ind2=" ">
    <subfield code="a">Publikacje fachowe</subfield>
  </datafield>
  <datafield tag="388" ind1=" " ind2=" ">
    <subfield code="a">1901-2000</subfield>
  </datafield>
  <datafield tag="490" ind1="1" ind2=" ">
    <subfield code="a">Budownictwo betonowe / red. Eugeniusz Piliszek, Andrzej Machalski ; </subfield>
    <subfield code="v">t. 6</subfield>
  </datafield>
  <datafield tag="504" ind1=" " ind2=" ">
    <subfield code="a">Bibliogr.</subfield>
  </datafield>
  <datafield tag="650" ind1=" " ind2="7">
    <subfield code="a">Beton</subfield>
    <subfield code="2">DBN</subfield>
  </datafield>
  <datafield tag="650" ind1=" " ind2="7">
    <subfield code="a">Technologia</subfield>
  </datafield>
  <datafield tag="650" ind1=" " ind2="7">
    <subfield code="a">Transport</subfield>
  </datafield>
  <datafield tag="658" ind1=" " ind2=" ">
    <subfield code="a">Architektura i budownictwo</subfield>
  </datafield>
  <datafield tag="658" ind1=" " ind2=" ">
    <subfield code="a">Transport i logistyka</subfield>
  </datafield>
  <datafield tag="700" ind1="1" ind2=" ">
    <subfield code="a">B&#x142;ochowiak, Zbigniew</subfield>
    <subfield code="d">(1922-2008)</subfield>
    <subfield code="e">Autor</subfield>
  </datafield>
  <datafield tag="700" ind1="1" ind2=" ">
    <subfield code="a">Kopyci&#x144;ski, Bronis&#x142;aw</subfield>
    <subfield code="d">(1907-2004)</subfield>
    <subfield code="e">Autor</subfield>
  </datafield>
  <datafield tag="700" ind1="1" ind2=" ">
    <subfield code="a">Machalski, Andrzej</subfield>
    <subfield code="e">Redakcja</subfield>
  </datafield>
  <datafield tag="700" ind1="1" ind2=" ">
    <subfield code="a">Piliszek, Eugeniusz</subfield>
    <subfield code="c">(budownictwo)</subfield>
    <subfield code="e">Redakcja</subfield>
  </datafield>
  <datafield tag="710" ind1="2" ind2=" ">
    <subfield code="a">Wydawnictwo Arkady</subfield>
    <subfield code="4">pbl</subfield>
  </datafield>
  <datafield tag="830" ind1=" " ind2="0">
    <subfield code="a">Budownictwo betonowe</subfield>
    <subfield code="v">t. 6</subfield>
  </datafield>
  <datafield tag="856" ind1=" " ind2=" ">
    <subfield code="u">http://koha.tu.koszalin.pl/cgi-bin/koha/opac-detail.pl?biblionumber=7614</subfield>
    <subfield code="y">Katalog online BPK</subfield>
  </datafield>
  <datafield tag="942" ind1=" " ind2=" ">
    <subfield code="2">UKD</subfield>
    <subfield code="c">KS</subfield>
  </datafield>
  <datafield tag="999" ind1=" " ind2=" ">
    <subfield code="c">7614</subfield>
    <subfield code="d">7614</subfield>
  </datafield>
  <datafield tag="952" ind1=" " ind2=" ">
    <subfield code="0">0</subfield>
    <subfield code="1">0</subfield>
    <subfield code="4">0</subfield>
    <subfield code="7">1</subfield>
    <subfield code="a">BPK</subfield>
    <subfield code="b">BPK</subfield>
    <subfield code="c">c</subfield>
    <subfield code="o">P 6447</subfield>
    <subfield code="p">01987072</subfield>
    <subfield code="t">624.012.4 Kb</subfield>
    <subfield code="y">KS</subfield>
  </datafield>
  <datafield tag="952" ind1=" " ind2=" ">
    <subfield code="0">0</subfield>
    <subfield code="1">0</subfield>
    <subfield code="4">0</subfield>
    <subfield code="7">0</subfield>
    <subfield code="a">BPK</subfield>
    <subfield code="b">BPK</subfield>
    <subfield code="c">w</subfield>
    <subfield code="o">P 6448</subfield>
    <subfield code="p">01309782</subfield>
    <subfield code="y">KS</subfield>
  </datafield>
  <datafield tag="952" ind1=" " ind2=" ">
    <subfield code="0">0</subfield>
    <subfield code="1">0</subfield>
    <subfield code="4">0</subfield>
    <subfield code="7">0</subfield>
    <subfield code="a">BPK</subfield>
    <subfield code="b">BPK</subfield>
    <subfield code="c">w</subfield>
    <subfield code="o">P 6450</subfield>
    <subfield code="p">01135206</subfield>
    <subfield code="y">KS</subfield>
  </datafield>
  <datafield tag="952" ind1=" " ind2=" ">
    <subfield code="0">0</subfield>
    <subfield code="1">0</subfield>
    <subfield code="4">0</subfield>
    <subfield code="7">1</subfield>
    <subfield code="a">ELBUD</subfield>
    <subfield code="b">ELBUD</subfield>
    <subfield code="c">b</subfield>
    <subfield code="o">P 6451</subfield>
    <subfield code="p">02220659</subfield>
    <subfield code="t">624.012.4 Kb</subfield>
    <subfield code="y">KS</subfield>
  </datafield>
  <datafield tag="952" ind1=" " ind2=" ">
    <subfield code="0">0</subfield>
    <subfield code="1">0</subfield>
    <subfield code="4">0</subfield>
    <subfield code="7">0</subfield>
    <subfield code="a">BPK</subfield>
    <subfield code="b">BPK</subfield>
    <subfield code="c">w</subfield>
    <subfield code="o">P 6452</subfield>
    <subfield code="p">02076904</subfield>
    <subfield code="y">KS</subfield>
  </datafield>
  <datafield tag="952" ind1=" " ind2=" ">
    <subfield code="0">0</subfield>
    <subfield code="1">0</subfield>
    <subfield code="4">0</subfield>
    <subfield code="7">0</subfield>
    <subfield code="a">BPK</subfield>
    <subfield code="b">BPK</subfield>
    <subfield code="c">w</subfield>
    <subfield code="o">P 46484</subfield>
    <subfield code="p">01208511</subfield>
    <subfield code="s">2018-09-07</subfield>
    <subfield code="y">KS</subfield>
  </datafield>
</record>
